=LDR 00000nam 2200000 4500 =001 INLIS000000000001030 =005 20210226093827 =035 ##$$a 0010-061300000001030 =008 210226################a##########0#ind## =041 ##$$a Ind =082 ##$$a 028.5 =090 ##$$a 028.5, Arr-d =100 ##$$a ARROISI, Arman =245 1#$$a Sunan Drajat, : $b Si pemurah yang gagah berani, /$c Arman Arroisi =260 ##$$a Bandung :$b Remaja Rosdakarya,$c 1994 =300 ##$$a vii, 25 hlm : $b ilus ; $c 27 x 20 cm =650 #4$$a Bacaan Kanak-kanak =850 ##$$a NBPNMAT =020 ##$$a 979-514-297-6 =084 ##$$a 028.5 ARR s =250 ##$$a cet. 5 =990 ##$$a 138.733/Pb.98 =990 ##$$a 138.734/Pb.98 =990 ##$$a 138.735/Pb.98 =990 ##$$a 16971697 =990 ##$$a 142.208/pro-99 =990 ##$$a 138.733/Pb.98 =990 ##$$a 138.734/Pb.98 =990 ##$$a 138.735/Pb.98